| 000 | 00791njm a2200277Ia 4500 | ||
|---|---|---|---|
| 001 | 24067 | ||
| 003 | IT-RoPAU | ||
| 005 | 20220918181203.0 | ||
| 008 | 131025s9999 xx 000 0 und d | ||
| 040 | _aIT-RoPAU | ||
| 040 | _cIT-RoPAU | ||
| 999 |
_c103148 _d103148 |
||
| 999 | _bn.d. | ||
| 100 |
_aCajkovskij Petr Llijch _98540 |
||
| 100 |
_eAutore musica _98541 |
||
| 100 |
_gCodice autore musica SPICS: 10808 _98542 |
||
| 245 | _aRomeo e Giulietta-Amleto | ||
| 250 | _a1a ed. | ||
| 260 | _aMILANO | ||
| 260 | _bBLUEBELL RECORDS | ||
| 300 | _aDISCO | ||
| 500 | _aMusica classica, strumentale. Balletto. | ||
| 505 | _aRomeo e Giulietta - Amleto | ||
| 511 | _aOrchestra Filarmonica di Londra diretta da Boult Adrian | ||
| 650 |
_aBALLETTO [DISCHI] _eCodice MATERIA SPICS: 9950 _91086 |
||
| 942 |
_cMD _2ddc |
||